000 00294nam a2200109Ia 4500
008 230907s9999||||xx |||||||||||||| ||und||
082 _a621.319,ELE
245 0 _aElectrical transmission systems and smart grids :
260 _aSpringer,
_bNew York :
_c2013
300 _avi, 324P.:
942 _cBK
999 _c597680
_d597680